| 000 | 00595nam a22001937a 4500 | ||
|---|---|---|---|
| 005 | 20251108173310.0 | ||
| 008 | 250721s2006 xx 000 0 ara d | ||
| 082 | 1 | 4 | _a550/شوا |
| 100 | 1 | _aشواهين، خير | |
| 245 | 1 | 0 | _aعلوم الأرض والبيئة للهواة / |
| 264 | 1 |
_aعمان : _bدار المسيرة للنشر والتوزيع، _c2006. |
|
| 300 | _a345ص. | ||
| 490 | 0 |
_aسلسلة علوم للهواة _v(2) |
|
| 650 | 1 | 7 | _aعلوم الأرض |
| 650 | 1 | 7 | _aعلوم التربية |
| 650 | 1 | 7 | _aالجيولوجيا |
| 942 |
_2ddc _cBK |
||
| 999 |
_c100673 _d100673 |
||